000
00398nam a2200145Ia 4500
008
100122s9999 xx 000 0 und d
082
_b
51267
_a
823
100
_a
वाळिंबे शरच्चंद्र
245
_a
पुरुष
260
_b
एस के प्रकाशन
_c
1995
300
_a
240
630
_a
पुरुष
730
_a
पुरुष
942
_c
BOOK
999
_c
428729
_d
428726